| 000 | 00384nam a22001337a 4500 | ||
|---|---|---|---|
| 040 | _cNUST | ||
| 082 | _a891.439,MAS | ||
| 100 |
_aMasood, Anwar _914777 |
||
| 245 |
_aIk Dareecha, Ik Charagh / اک دریچہ، اک چراغ (Urdu) / _cAnwar Masood |
||
| 260 |
_aIslamabad _bDost Publications _c2015 |
||
| 300 | _a175 p.; | ||
| 650 | _aUrdu literature | ||
| 942 |
_2ddc _cBK _k891.439,MAS |
||
| 999 |
_c593591 _d593591 |
||